| 000 | 00671nam a2200217 u 4500 | ||
|---|---|---|---|
| 005 | 20260128063925.0 | ||
| 008 | 120615s2001 es r 000 0 spa d | ||
| 020 | _a8483322218 | ||
| 035 | _aUPN01000185126 | ||
| 049 | _aI | ||
| 050 | 4 |
_aQM25 _bB6.2 |
|
| 100 | 1 | _aBorensztein, Pascale | |
| 245 | 1 | 3 |
_aEl cuerpo humano / _cPascale Borensztein ; il. Denis Horvath, tr. Sergi Torner Castells. |
| 260 |
_aBarcelona, Esp. : _bVox, _c2001. |
||
| 300 |
_a76 p. : _bprincipalmente il. col. |
||
| 440 | 0 | _aTu enciclopedia VOX desde los 6 años | |
| 650 | 4 |
_aANATOMIA HUMANA - _vATLAS _9581 |
|
| 650 | 2 |
_aFisiología humana _95919 |
|
| 905 | _aInfantil | ||
| 999 |
_c157229 _d157229 |
||